| 000 | 01045nam a2200265Ia 4500 | ||
|---|---|---|---|
| 003 | OSt | ||
| 005 | 20201002151500.0 | ||
| 008 | 191128s1994 ck ab fr 001 0 spa d | ||
| 020 | _a9586332926 | ||
| 040 |
_aCO-JMCR _cCO-JMCR |
||
| 041 | 0 | _aspa | |
| 082 | 0 | 4 |
_a940.18 / _bL881c _223 |
| 100 | 1 |
_aLoste, María Antonia, _eautora _911154 |
|
| 245 | 1 | 4 |
_aLas cruzadas / _cMaría Antonia Loste |
| 250 | _a1a edición | ||
| 260 |
_aBogotá : _bRei Andes, _c1994 |
||
| 300 |
_a96 páginas : _bilustraciones y mapas a blanco y negro ; _c20 cm. |
||
| 490 | 0 | _aBiblioteca básica de historia. Monografías | |
| 500 | _aIncluye índice alfabético y glosario | ||
| 504 | _aBibliografía : páginas 96 | ||
| 505 | 0 | _aLas cruzadas, una historia de doscientos años -- El santo sepulcro en peligro -- La larga marcha hacia Jerusalén -- El reino de Jerusalén -- Asedios y combates -- Los caballeros de Cristo -- La contra cruzada del Islam | |
| 650 | 1 | 4 |
_aCruzadas _xhistoria _911155 |
| 651 | 4 |
_aJerusalén _xhistoria _911156 |
|
| 942 |
_2ddc _cBK |
||
| 999 |
_c4680 _d4680 |
||